| Art - Music/Opera | 6 | 5.00 | 50% | 0% | 0% |
| Art - Other | 5 | 16.00 | 80% | 60% | 20% |
| Art - Painting/Sculpture | 5 | 18.00 | 100% | 80% | 0% |
| Art - Visual | 2 | 10.00 | 100% | 0% | 0% |
| Current Events/Modern World - Mixed/Any | 1 | 10.00 | 100% | 0% | 0% |
| Current Events/Modern World - Rest of world social | 1 | 0.00 | 0% | 0% | 0% |
| Geography - Non-U.S. Americas | 1 | 10.00 | 100% | 0% | 0% |
| Geography - United States | 1 | 10.00 | 100% | 0% | 0% |
| History - American | 4 | 12.50 | 100% | 25% | 0% |
| History - European | 4 | 20.00 | 100% | 75% | 25% |
| History - Other | 4 | 22.50 | 100% | 75% | 50% |
| History - World | 8 | 15.00 | 100% | 25% | 25% |
| Literature - American poetry | 2 | 10.00 | 100% | 0% | 0% |
| Literature - British poetry | 3 | 13.33 | 67% | 67% | 0% |
| Literature - British short fiction | 1 | 10.00 | 100% | 0% | 0% |
| Literature - European long fiction | 3 | 10.00 | 67% | 33% | 0% |
| Literature - European poetry | 1 | 20.00 | 100% | 100% | 0% |
| Literature - European short fiction | 1 | 0.00 | 0% | 0% | 0% |
| Literature - World/Misc any | 2 | 15.00 | 100% | 50% | 0% |
| Literature - World/Misc long fiction | 2 | 20.00 | 100% | 100% | 0% |
| Literature - World/Misc poetry | 1 | 10.00 | 100% | 0% | 0% |
| Mythology - Americas | 1 | 20.00 | 100% | 100% | 0% |
| Mythology - Greco/Roman | 2 | 10.00 | 100% | 0% | 0% |
| Mythology - Norse | 1 | 20.00 | 100% | 0% | 100% |
| Other Academic/Cross-Category - Any | 1 | 10.00 | 100% | 0% | 0% |
| Philosophy - 20th century | 1 | 0.00 | 0% | 0% | 0% |
| Philosophy - Medieval | 1 | 10.00 | 100% | 0% | 0% |
| Philosophy - Mixed/Any | 1 | 10.00 | 100% | 0% | 0% |
| Religion - Christianity/Judaism | 2 | 15.00 | 100% | 50% | 0% |
| Religion - Hinduism | 1 | 0.00 | 0% | 0% | 0% |
| Religion - Islam | 1 | 10.00 | 100% | 0% | 0% |
| Religion - Mixed/Any | 1 | 0.00 | 0% | 0% | 0% |
| Science - Biology | 7 | 11.43 | 57% | 29% | 29% |
| Science - Chemistry | 6 | 10.00 | 83% | 17% | 0% |
| Science - Compsci | 2 | 15.00 | 100% | 50% | 0% |
| Science - Earth | 2 | 15.00 | 50% | 100% | 0% |
| Science - Other | 2 | 10.00 | 100% | 0% | 0% |
| Science - Other/CL/Misc | 1 | 0.00 | 0% | 0% | 0% |
| Science - Physics | 4 | 10.00 | 75% | 25% | 0% |
| Social Science - Economics | 2 | 0.00 | 0% | 0% | 0% |
| Social Science - Law | 1 | 10.00 | 100% | 0% | 0% |
| Social Science - Mixed/Any | 2 | 10.00 | 100% | 0% | 0% |
| Social Science - Psychology | 2 | 15.00 | 100% | 50% | 0% |
| Social Science - Sociology | 1 | 20.00 | 100% | 100% | 0% |